[Event "Volgograd"]
[Site "Volgograd"]
[Date "1994.??.??"]
[Round "5"]
[White "Volzhin, Alexander"]
[Black "Poluljahov, Aleksandr"]
[Result "0-1"]
[WhiteElo "2410"]
[BlackElo "2510"]
[Annotator "Knaak,R"]
[PlyCount "80"]
[EventDate "1994.??.??"]
[EventType "tourn"]
[EventRounds "13"]
[EventCountry "NED"]
[EventCategory "8"]
[SourceTitle "CBM 041"]
[Source "ChessBase"]
[SourceDate "1994.08.01"]
[SourceVersion "1"]
[SourceVersionDate "1994.08.01"]
[SourceQuality "1"]

1. d4 Nf6 2. c4 d6 3. Nc3 g6 4. e4 Bg7 5. h3 O-O 6. Bg5 c5 7. d5 e6 8. Bd3 exd5
9. cxd5 Re8 10. Nf3 c4 11. Bc2 b5 12. a3 Na6 13. O-O Nc5 14. Re1 Qb6 15. e5 $6
(15. Qd2 a5 16. e5 $5 (16. Be3 $14 {Rogozenko}) 16... dxe5 17. Nxe5 Bf5 (17...
Bb7 18. a4 b4 19. Nb5 $16 {Rogozenko}) 18. Bxf5 Nb3 19. Qf4 Nxa1 20. Be6 fxe6
21. Bxf6 Bxf6 (21... exd5 22. Bxg7 Kxg7 23. Qf7+ Kh8 24. Nxd5 $18 {Rogozenko,
D-Marin,M/Bucharest/1993/}) 22. Qxf6 Rf8 23. Qxe6+ Qxe6 24. dxe6 Nc2 25. Re4
$13) 15... dxe5 16. Nxe5 Bb7 17. Qf3 h6 18. Bh4 Ncd7 $1 19. Nc6 (19. Nxd7 Nxd7
$15 {>< Pd5}) 19... Qc5 20. Bg3 $2 (20. Rad1 g5 $6 (20... Nxd5 $6 21. Ne7+ Nxe7
22. Qxb7 $16) (20... a6 $13) 21. Bg3 Nxd5 (21... Nb6 22. Ne4 $1 Nxe4 23. Rxe4
Bxc6 24. dxc6 Qxc6 25. Rxe8+ Qxe8 26. Qf5 $16) 22. Na5 Rxe1+ 23. Rxe1 $13)
20... Nb6 $1 (20... Nxd5 $2 21. Na5 $16) 21. Red1 Nbxd5 $1 $19 22. Na5 Nxc3 23.
Nxb7 Ne2+ 24. Kh2 Qb6 25. Nd6 Nd4 26. Rxd4 Qxd4 27. Qb7 Rf8 28. Qxb5 Nh5 29.
Rd1 (29. Nxc4 Nxg3 30. fxg3 Rab8 31. Qa4 Rfc8 $19) 29... Qxb2 30. Qxc4 Nxg3 31.
fxg3 Qc3 32. Bb3 Rab8 33. Qxc3 Bxc3 34. Bc4 Rbd8 35. Rd3 Kg7 36. Nf5+ gxf5 37.
Rxc3 Rc8 38. Rc2 Rfd8 39. Bd3 Rxc2 40. Bxc2 Kf6 0-1

[Event "GER-ch 70th"]
[Site "Bremen"]
[Date "1998.11.14"]
[Round "9"]
[White "Knaak, Rainer"]
[Black "Telljohann, Sven"]
[Result "1-0"]
[WhiteElo "2555"]
[BlackElo "2410"]
[Annotator "Knaak,R"]
[PlyCount "73"]
[EventDate "1998.11.06"]
[EventType "swiss"]
[EventRounds "9"]
[EventCountry "GER"]
[SourceTitle "CBM 068"]
[Source "ChessBase"]
[SourceDate "1999.02.01"]
[SourceVersion "1"]
[SourceVersionDate "1999.02.01"]
[SourceQuality "1"]

{[%mdl 128]} 1. d4 g6 2. c4 Bg7 3. e4 c5 4. d5 d6 5. Bd3 Na6 6. Nc3 Nf6 7. Nge2
O-O 8. h3 e6 9. O-O exd5 10. cxd5 Re8 11. Ng3 Nc7 12. a4 b6 13. Bg5 $6 $146 (
13. Re1 $142 $1 {Ich verwechselte die Varianten und verwarf diesen Zug.}) 13...
h6 14. Be3 Ba6 15. Bxa6 Nxa6 16. Qd2 Kh7 17. f4 Nb4 18. Rad1 Qd7 19. e5 $5 {
[%mdl 512] Die Flucht nach vorn. Von jetzt ab geht alles so von selbst, aber
im höheren Sinne ist das weiße Spiel wohl nicht korrekt. In der Praxis sieht
manches jedoch ganz anders aus.} dxe5 20. f5 Rad8 21. d6 {Weiß will den Punkt
e4 besetzen und steht dann einfach besser.} Qc6 $1 {/\ e5-e4} (21... e4 22.
fxg6+ fxg6 23. Rxf6 $1 Bxf6 24. Ncxe4 Bg7 (24... Be5 25. Bxh6) (24... Re6 25.
Bxh6) 25. Bxh6 $1 Bxh6 26. Nf6+ Kg7 27. Qc3 Be3+ 28. Kh2 Bd4 29. Rxd4 Na2 $18)
22. fxg6+ fxg6 23. Rxf6 $1 {[%mdl 512] Ich überlegte nicht lang daran, denn
wiederum was sonst?} Bxf6 24. Nge4 (24. Bxh6 e4 {ist nicht die Idee.}) 24...
Bg7 25. Qf2 Rf8 ({Einen Moment kang hatte ich Angst vor} 25... Re6 $2 {und
Rückgabe der Qualität auf d6, aber dann sah ich es:} 26. Bxh6 $3 Kg8 (26...
Rdxd6 27. Ng5+ $1 $18) (26... Kxh6 27. Qh4#) 27. Qh4 $18) 26. Qh4 Qd7 27. Bg5
Rb8 $1 {[%mdl 256] Wenn Schwarz die Dame von d7 ziehen will - und das ist die
optimale Verteidigung - so ist der Partiezug besser als 27...Rde8.} 28. Nf6+
Bxf6 29. Bxf6 Qf5 $1 (29... Nc6 30. Ne4 h5 $1 31. g4 $1 (31. Ng5+ $2 Kh6) 31...
Nd4 32. Rf1 $1 Qe8 (32... Ne2+ $6 33. Kh2 Nf4 34. Bxe5 (34. Be7 Qxa4) 34... Nd5
35. Bf6) 33. Kh1 $1 Rb7 34. gxh5 gxh5 35. Rg1 Nf3 (35... Ne2 36. Rg5 Kh6 37.
Rg2 Nd4 38. d7 Rxd7 39. Qg5+ Kh7 40. Nd6 Rg8 41. Nxe8 Rxg5 42. Rxg5 $16) 36.
Ng5+ Nxg5 37. Qxg5 Rxf6 (37... Rg8 38. Qf5+ Kh6 39. Bg5+ Rxg5 40. Qxg5+ Kh7 41.
Qf5+ Kh6 42. Qf6+ Kh7 43. Rg5 $16) 38. Qxf6 {und Weiß steht besser, vielleicht
sogar auf Gewinn.}) 30. Be7 (30. Rf1 $2 g5 $1) ({Vielleicht ist} 30. Ne4 {
besser als der Partiezug, denn das befürchtete} Qh5 $1 {kann Weiß mit Übergang
ins Endspiel beantworten:} 31. Qxh5 gxh5 32. d7 Nc6 33. Rd6 Nd8 34. Be7 $36)
30... Rf7 $2 $138 {Statt dessen kommen gleich zwei Züge ernsthaft in Betracht:}
({I)} 30... g5 $1 {ist die härteste Nuss; Weiß muß froh sein, wenn er es
schafft, mit einem blauen Auge davonzukommen.} 31. Qc4 $5 (31. Qe1 Rf7 (31...
Nd3 32. Qd2 (32. Qe2 Nf4) 32... Nf2 33. Re1 Rf7) 32. Ne4 Nc6) (31. Qe4 Qxe4 32.
Nxe4 Rf7 33. Bf6 Rbb7 34. Bxe5 Kg6 35. Nf6 Nc6 36. d7 Rxf6 37. Bxf6 Kxf6 $17) (
31. Qh5 Rf7 32. Bxg5 Qg6 $1 (32... Rf6 33. Ne4 Rg6 34. Qh4 Rxg5 35. d7 Rd8 36.
Rd6 $16) 33. Qxg6+ Kxg6 34. d7 Kxg5 35. d8=Q+ Rxd8 36. Rxd8 $15) 31... Rf7 32.
d7 $1 Rxe7 33. d8=Q Rxd8 34. Rxd8 {Weiß ist trotz der zwei Minusbauern nicht
chancenlos:} Rf7 35. Ne4 $1 Nc6 (35... Qf4 36. Qe6 $11) 36. Rd2 Na5 (36... Kg7
37. Nd6 Qb1+ 38. Kh2 Rf8 39. Qe6 Qf1 $13) 37. Qd5) ({II)} 30... Nd3 $5 {
läßt sich auch nach längerer Analyse nicht widerlegen:} 31. Ne4 $3 Kg7 $1 {
Danach sehe ich zwei Remisvarianten:} (31... Nxb2 $2 32. Bxf8 Rxf8 33. Rd2 g5 (
33... Nd3 34. Rxd3 Qf1+ 35. Kh2 Qxd3 36. Ng5+ Kg8 37. Qxh6 $18) 34. Qe1 $1 Nxa4
35. Rf2 Qc8 36. d7 Qd8 37. Rxf8 Qxf8 38. Qf1 Qe7 39. Qd3 $18) 32. Bxf8+ (32.
Rxd3 Qf1+ 33. Kh2 Qxd3 34. Bf6+ Kf7 35. Bxe5 Ke6 36. Qe7+ Kd5 37. Nf6+ Kc4 (
37... Rxf6 $2 38. Bxf6 Qf5 39. Bh4 g5 40. Bg3 Qf8 41. Qe5+ Kc6 42. d7 Rd8 43.
Qe6+ Kb7 44. Qd5+ Ka6 45. Bc7 $18) 38. Qe6+ Kb4 39. Nd5+ Kb3 40. Nxb6+ Kc2 41.
Nd7) 32... Rxf8 33. Rxd3 Qf1+ 34. Kh2 Qxd3 35. Qe7+ Kg8 $1 (35... Rf7 36. Qxe5+
Kh7 37. Nf6+ Rxf6 38. Qe7+ Kg8 39. Qxf6 $18) 36. Qe6+ Kh7 37. Nf6+ Kg7 38. d7
Qd4 39. Qe7+ Rf7 40. d8=Q Qf4+ 41. Kg1 Qc1+ 42. Kf2 Qf4+ 43. Ke2 Qc4+ 44. Kd2
Qb4+ 45. Ke3 Qd4+ 46. Kf3 Qf4+ 47. Ke2 Qc4+ {Dauerschach}) 31. Ne4 $16 Kg7 32.
d7 $1 g5 (32... Nc6 33. d8=Q Nxd8 34. Bxd8 $16 {Diese Bewertung mag nicht
jedem gleich einleuchten, aber der Ne4 ist nach wie vor ein Riese, und der Bd8
ist keineswegs gefährdet.}) 33. Bxg5 $1 hxg5 34. Nxg5 Nc6 (34... Rff8 35. Rd6
Rh8 36. Nh7 $1 $18) 35. Nxf7 Qxf7 36. Rd3 Qf4 37. Rg3+ 1-0

[Event "Tilburg"]
[Site "Tilburg"]
[Date "1994.??.??"]
[Round "1"]
[White "Yermolinsky, Alex"]
[Black "Marin, Mihail"]
[Result "1-0"]
[WhiteElo "2590"]
[BlackElo "2520"]
[Annotator "Knaak,R"]
[PlyCount "71"]
[EventDate "1994.09.??"]
[EventType "k.o."]
[EventRounds "7"]
[EventCountry "NED"]
[SourceTitle "CBM 044"]
[Source "ChessBase"]
[SourceDate "1995.02.01"]
[SourceVersion "1"]
[SourceVersionDate "1995.02.01"]
[SourceQuality "1"]

1. d4 Nf6 2. c4 c5 3. d5 d6 4. Nc3 g6 5. e4 Bg7 6. Bd3 O-O 7. h3 e6 8. Bg5 exd5
9. cxd5 Re8 10. Nf3 c4 11. Bc2 b5 12. a3 a6 {Nach 12...Na6, 12...a5 und 12...
Bd7 versucht es Marin jetzt mit diesem Zug, aber das Endergebnis ist das
gleiche.} 13. O-O $14 Nbd7 14. Re1 Bb7 15. Qd2 Qb6 16. Be3 Qc7 17. Bh6 Rac8 (
17... Qb6 $5 {/\ 18...a5} 18. Bxg7 Kxg7 19. Nd4 Ne5 20. Rad1 Nd3 $6 21. Nf5+
$16) 18. Rad1 Qb6 19. Bxg7 Kxg7 20. Nd4 {Schwarz schafft das lebensnotwendige
a6-a5 nicht mehr, während Weiß viel Zeit hat, um e4-e5 vorzubereiten.} Re7 21.
Qf4 Re5 22. Qg3 Nh5 23. Qe3 Nhf6 24. Kh2 Rce8 (24... Nxd5 $2 25. Nxd5 Bxd5 26.
f4 $1 Ree8 27. Qc3 $1 $18) 25. f4 R5e7 26. Qg3 Kh8 27. Qg5 $1 Ng8 28. Qh4 Nc5
29. Nf3 f6 (29... Bc8 30. e5 $16) 30. e5 {/\ 31.Bg6} Kg7 31. exf6+ Nxf6 32.
Rxe7+ Rxe7 33. f5 $1 $18 Nd3 34. Bxd3 cxd3 35. Rxd3 Re3 36. Qf2 1-0

[Event "GER-ch 70th"]
[Site "Bremen"]
[Date "1998.11.08"]
[Round "3"]
[White "Knaak, Rainer"]
[Black "Bangiev, Alexander J"]
[Result "0-1"]
[WhiteElo "2555"]
[BlackElo "2395"]
[Annotator "Knaak,R"]
[PlyCount "78"]
[EventDate "1998.11.06"]
[EventType "swiss"]
[EventRounds "9"]
[EventCountry "GER"]
[SourceTitle "CBM 068"]
[Source "ChessBase"]
[SourceDate "1999.02.01"]
[SourceVersion "1"]
[SourceVersionDate "1999.02.01"]
[SourceQuality "1"]

1. d4 g6 2. e4 Bg7 3. c4 c5 4. d5 d6 5. Bd3 Nf6 6. Ne2 O-O 7. O-O e6 8. Nbc3
exd5 9. cxd5 a6 {Ich glaube, daß die ganze Variante für Schwarz nicht spielbar
ist.} 10. a4 Nbd7 11. h3 Qc7 12. f4 Re8 13. Ng3 c4 14. Bc2 Rb8 15. Be3 Nc5 16.
Bd4 b5 17. axb5 axb5 18. f5 $1 {Diese Idee aus der Fernpartie Shimas-Sutkus
von 1985 basiert darauf, daß im Moment kein schwarzer Springer nach e5 kann.}
g5 19. Qc1 $1 $146 {Für diesen Zug brauchte ich erstmals etwas Zeit, aber er
entspricht den alten Analysen.} (19. e5 dxe5 20. Be3 e4 21. Nh5 Nd3 22. Nxg7
Kxg7 23. Bd4 Re5 24. Qd2 h6 {Shimas-Sutkus/corr 1985/Inf 39 (24)}) 19... h6 20.
h4 b4 $5 {Die beste praktische Chance.} (20... gxh4 21. Bxf6 Bxf6 22. Qxh6 $1
Bd4+ 23. Kh1 hxg3 24. f6 Bxf6 25. Rxf6 $18 {So steht es in meinen
Aufzeichnungen von 1986.}) 21. hxg5 bxc3 (21... Nfxe4 22. Bxg7 Nxg3 23. gxh6
bxc3 24. Qg5 $18) 22. bxc3 $6 (22. gxf6 $1 cxb2 23. Bxb2 Qb6 24. Qd1 $3 {
Den habe ich während der Partie nicht gesehen.} (24. Bd4 Bxf6 $1 25. Qxh6 Bxd4+
26. Kh2 Bg7 $17) (24. Kh2 Qxb2 25. fxg7 Qxc1 26. Raxc1 Kxg7 $13 {ist kaum
besser für Weiß.}) 24... Nd3+ $5 (24... Qxb2 $2 25. fxg7 (25. Rb1 $5) 25...
Qxg7 26. Nh5 Qe5 27. Ra3 $18) (24... Nb3+ $2 25. Rf2 $18) 25. Kh2 Qxb2 26. fxg7
Qf6 (26... Qxg7 27. Bxd3 $18) 27. Bxd3 Qh4+ 28. Kg1 Qxg3 29. Bc2 $16 {Allen
diesen Varianten ist gemeinsam, daß der Bc8 ausgesperrt bleibt und Weiß auf
den Linien g und h einen kaum parierbaren Angriff startet.}) 22... Nfxe4 23.
Nxe4 $1 ({Die Verlockung} 23. f6 $5 Nxg3 24. gxh6 $5 {zu spielen, war sehr
groß.} Nce4 $1 (24... Ne2+ 25. Kh2 Nxc1 $2 26. h7+ Kf8 27. fxg7+ Ke7 28. Bf6+ {
etc.}) 25. Re1 $13) 23... Bxd4+ 24. cxd4 Nxe4 25. gxh6 f6 {Ich muß gestehen,
daß von jetzt an doch eine ganz schöne Patzerei los geht.} (25... Qd8 $142 26.
Qf4 Qf6 27. Rae1 $16 {(Bangiev)}) 26. Qe3 $6 (26. Qe1 $1 Qh7 27. Bxe4 Qxh6 {
Weiß steht besser, aber der Kg1 ist auch gefährdet.}) 26... Rb3 $1 {Jetzt hat
Weiß vielleicht keinen Vorteil mehr.} 27. Qe2 $6 (27. Bxb3 cxb3 28. Qxb3 Kh7
$13) 27... Rd3 $2 (27... Rb2 $1 {hatte ich mehr befürchtet.}) 28. Rae1 $2 (28.
Rf4 $1 Rxd4 29. Qh5 $18) 28... Qf7 29. Ba4 $2 (29. Bxd3 cxd3 30. Qf3 Ng5 31.
Rxe8+ Qxe8 32. Qxd3 $13) 29... Bd7 $4 (29... Re7 30. Rf4 Rd2 31. Qe3 (31. Qxc4
Bxf5 $1 $19) 31... Bxf5 32. Rxf5 Qg6 $19) 30. Bxd7 Qxd7 31. Rf4 Rxd4 32. Qh5 $1
$18 {Weiß ist wieder im Spiel.} (32. Qg4+ Kh8 33. Rexe4 Rdxe4 34. Rxe4 Rxe4 35.
Qxe4 c3 $13) 32... Kh8 33. Rg4 Re7 (33... c3 34. Rg7 Re7 35. Ra1 $18) 34. Ra1
$4 ({Es gewann} 34. Qg6 $1 Qe8 35. Rexe4 $1 $18) 34... Qe8 35. Qg6 Qf8 $4 {
Hier hatte ich etwas über eine Minute, aber ich sah keinen Plan und
verbrauchte den großen Rest meiner Zeit.} (35... c3 $1 36. h7 Qxg6 37. fxg6 Re8
38. g7+ (38. Ra7 Rd1+ 39. Kh2 Rh1+ 40. Kxh1 Nf2+ $19) 38... Kxh7 39. g8=Q+ Rxg8
40. Ra7+ Kh6 41. Rxg8 c2 $19) 36. Qh5 $4 (36. Qg7+ $1 Rxg7 37. hxg7+ Qxg7 38.
Ra8+ Kh7 39. Rh4+ Qh6 40. Ra7+ Kg8 41. Rxh6 Rxd5 42. Rhh7 $18) 36... c3 $4 37.
Rg7 $1 $18 {Als ich danach auf die Uhr blickte, sah ich noch 2 Sekunden.} c2
38. Qg6 Rd1+ 39. Kh2 {Hier waren es immer noch 0.02.} Ng5 $18 {time , aber
jetzt sah ich nichts und die Platte fiel. Dabei gibt es gleich zwei Gewinnzüge.
} (39... Ng5 40. Rxe7 $1 (40. Qxf6 Qxg7 41. hxg7+ Rxg7 42. Qh6+ Nh7 43. Ra8+
Rg8 44. Ra7 $18) 40... Rxa1 41. Re8 $18) 0-1

[Event "Hamburg SKA"]
[Site "Hamburg"]
[Date "1991.06.29"]
[Round "3"]
[White "Knaak, Rainer"]
[Black "Maus, Soenke"]
[Result "0-1"]
[WhiteElo "2515"]
[BlackElo "2400"]
[Annotator "Knaak,R"]
[PlyCount "80"]
[EventDate "1991.06.27"]
[EventType "tourn"]
[EventRounds "13"]
[EventCountry "GER"]
[EventCategory "11"]
[SourceTitle "CBM 024"]
[Source "ChessBase"]
[SourceDate "1991.10.01"]
[SourceVersion "1"]
[SourceVersionDate "1991.10.01"]
[SourceQuality "1"]

1. d4 Nf6 2. c4 c5 3. d5 e6 4. Nc3 exd5 5. cxd5 d6 6. e4 g6 7. Bd3 Bg7 8. Nge2
O-O 9. O-O Re8 10. Ng3 Na6 11. h3 Rb8 12. Bg5 Nc7 13. a4 a6 14. f4 b5 (14... h6
15. Bxf6 Bxf6 16. e5 Bh4 17. f5 $1 $40) 15. a5 $6 (15. axb5 axb5 16. Kh1 $14)
15... c4 16. Bb1 $6 (16. Be2 Qd7 17. f5 $1 Rf8 18. Qd2 $36) 16... b4 17. Na4
Na8 $6 (17... Nb5 $1 {/\ 18.Nb6 Rb6!~/=}) 18. e5 $5 dxe5 19. Ne4 Bf5 20. Nac5
Rb5 $2 (20... exf4 $13) 21. fxe5 $1 $16 Rxc5 (21... Rxe5 22. Nxf6+ Bxf6 23.
Bxf6 Qxf6 24. Nd7 $18) 22. Nxc5 Rxe5 23. Bxf5 gxf5 24. Qd4 Qxd5 25. Qxd5 Nxd5
26. Nxa6 Re6 27. Rad1 Rxa6 28. Rxd5 Bxb2 29. Bf4 $1 b3 30. Re1 $2 (30. Kf2 $1 {
/\ Ke2+-}) 30... Kg7 $13 31. Re3 $6 h6 32. Kf1 Bf6 33. Rb5 Rc6 34. Rb8 $4 (34.
Rg3+ Kh7 35. Bc1 Nc7 36. Rb6 Rxb6 37. axb6 Na6 $13) 34... b2 $19 35. Re1 c3 36.
Rxa8 c2 37. Rb8 c1=Q 38. Bxc1 bxc1=Q 39. Rxc1 Rxc1+ 40. Ke2 Ra1 0-1

[Event "Munich SKA"]
[Site "Munich"]
[Date "1991.05.10"]
[Round "6"]
[White "Christiansen, Larry Mark"]
[Black "Nunn, John DM"]
[Result "1-0"]
[WhiteElo "2590"]
[BlackElo "2600"]
[Annotator "Knaak,R"]
[PlyCount "87"]
[EventDate "1991.05.04"]
[EventType "tourn"]
[EventRounds "13"]
[EventCountry "GER"]
[EventCategory "14"]
[SourceTitle "CBM 023"]
[Source "ChessBase"]
[SourceDate "1991.08.01"]
[SourceVersion "1"]
[SourceVersionDate "1991.08.01"]
[SourceQuality "1"]

1. d4 Nf6 2. c4 g6 3. Nc3 Bg7 4. e4 d6 5. f3 O-O 6. Nge2 c5 7. d5 e6 8. Ng3
exd5 9. cxd5 Na6 10. Be2 Nc7 11. O-O Rb8 12. Bf4 $5 {Strategisch interessant.
Weiß unternimmt nichts gegen b7-b5.} b5 13. Qd2 Re8 14. Kh1 h5 15. Bg5 Qd7 16.
Rae1 b4 17. Nd1 Nb5 18. Bc4 Nd4 19. Ne2 Nxe2 20. Rxe2 Qc7 {/\ Nd7-b6} 21. e5 $5
Rxe5 22. Rxe5 dxe5 23. d6 Qc6 24. Ne3 Ba6 25. Nd5 Nxd5 26. Bxd5 Qd7 27. Re1 Re8
28. Rc1 e4 $6 (28... Rc8) 29. fxe4 Bd4 30. Bc6 $1 Qxc6 31. Qxd4 cxd4 32. Rxc6
Bb5 33. Rc7 Rxe4 34. h3 f6 35. Bh6 d3 36. d7 Rd4 37. Rc8+ Kh7 38. d8=Q Rxd8 39.
Rxd8 Kxh6 40. Kg1 f5 41. h4 Kg7 42. Kf2 Kf6 43. Ke3 Ke5 44. g3 1-0

[Event "Match/Club Leipzig SG-Moscow GU"]
[Site "Leipzig"]
[Date "1981.05.09"]
[Round "1.2"]
[White "Knaak, Rainer"]
[Black "Dolmatov, Sergey"]
[Result "1-0"]
[WhiteElo "2495"]
[BlackElo "2545"]
[Annotator "Knaak,R"]
[PlyCount "93"]
[EventDate "1981.05.09"]
[EventType "team"]
[EventRounds "2"]
[EventCountry "DDR"]
[SourceTitle "EXT 2006"]
[Source "ChessBase"]
[SourceDate "2005.11.24"]
[SourceVersion "1"]
[SourceVersionDate "2005.11.24"]
[SourceQuality "1"]

{SCHACH 7/1981 und Inf 31/125} 1. d4 Nf6 2. c4 c5 3. d5 e6 4. Nc3 exd5 5. cxd5
d6 6. e4 g6 7. Bd3 Bg7 8. Nge2 O-O 9. O-O b6 10. a4 $5 Na6 $1 (10... Ba6 11.
Nb5 $1 Bxb5 12. axb5 $16 {ergibt klaren Vorteil für Weiß.}) 11. h3 Nb4 12. Bb1
Re8 13. Bg5 h6 14. Be3 (14. Bh4) 14... Ba6 15. Qd2 Kh7 16. Re1 Re7 $11 {
Die Stellung ist ausgeglichen. Ein weißer Vorstoß in die Brettmitte ist
vorläufig nicht drin. Ebenso kommt Schwarz am Damenflügel nicht vorwärts.} 17.
f4 Qd7 18. a5 Qb7 $1 19. Bf2 Rae8 20. axb6 axb6 21. Bg3 ({Die ursprüngliche
Marschrichtung dieses Läufers war die Diagonale h4-d8, aber nach} 21. Bh4 {
fürchtete ich das Qualitätsopfer} Nxe4 22. Nxe4 Rxe4 23. Bxe4 Rxe4 24. Nc3 $8
Rd4 25. Qe3 {mit der starken Drohung Qe8 und Re7 spielt es eine grosse Rolle,
ob der f4 gedeckt ist oder Schwarz gelegentlich einfach mit Rxf4 den f7
verteidigt. Ausserdem zielt 21. Bg3 nach d6.}) 21... Bc4 (21... Nxe4 22. Nxe4
Rxe4 23. Bxe4 Rxe4 24. Nc3 Rd4 25. Qe3 {/\ Qe8, Re7}) 22. f5 $1 gxf5 $1 {
Falls Schwarz den Punkt d6 verteidigt, folgt fxg6+ nebst Nf4.} 23. e5 $1 {
Interessant ist, dass sonst e4-e5 d6xe5 und erst dann f4-f5 typisch ist.} ({
Dolmatov hatte wohl auch mit} 23. Bxd6 $2 {gerechnet, wonach Schwarz die
Qualität auf e4 opfert und in Vorteil kommt.} Rxe4) 23... dxe5 24. Bxf5+ Kg8
25. d6 (25. Bh4 Nfxd5 $1) 25... Re6 ({Hier war vielleicht} 25... Rd7 $1 {
genauer, um den d6 sofort zu blockieren und den Pe5 zu verteidigen.}) 26. b3 $3
Bd5 (26... Bxb3 $2 27. Nc1 Bc4 28. Bxe6 Rxe6 29. Rxe5 $16 {und der weiße
Freibauer ist sehr gefährlich.}) ({In Frage kam jedoch} 26... Ba6 $5) 27. Nb5
$1 $14 Ne4 (27... Bxg2 {sieht sehr verdächtig aus. Zum Zwecke der
Zeiteinsparung haben aber wohl beide Spieler nicht durchgerechnet.}) 28. Bxe4
Bxe4 29. Nec3 Bc6 30. Ra7 $5 {Verzichtet endgültig auf Qualitätsgewinn, der
hier durch 30.Nc7 immer noch drin war.} Qb8 31. Bh4 Nd5 $1 32. Nxd5 (32. d7 {
sieht verlockend aus, aber Schwarz antwortet einfach} Nxc3) 32... Bxb5 33. Ne7+
Kh8 34. Rc7 Rd8 35. Nf5 ({Oder} 35. Nc6 Rdxd6 $1 36. Qxd6 Bxc6 $1 37. Qxe6 fxe6
38. Rxc6 {und Schwarz steht nicht schlechter.}) 35... Rd7 36. Rxd7 Bxd7 37. Qd5
Qe8 38. Ne7 e4 $2 ({Schwarz fand etwa 10 Züge lang jeweils den einzigen Zug,
und nun sollte durch} 38... Qb8 39. Nf5 (39. Ra1 Qxd6 40. Ra8+ Kh7 41. Qe4+ Rg6
$17 {und Schwarz steht besser.}) 39... Qe8 $11 {eine Zugwiederholung zustande
kommen von der beide nicht gut abweichen können,}) 39. Rxe4 Bd4+ $6 ({
Vielleicht war hier} 39... Bc6 {geplant, aber nach} 40. Qxc6 Qxc6 41. Nxc6 Rxe4
42. d7 $18 {gewinnt Weiß}) 40. Rxd4 $1 $18 cxd4 41. Qxd4+ Kh7 42. Bf6 {Schwarz
ist verloren.} Qa8 (42... Bc6 43. Nxc6 Qxc6 44. Qd3+ Kg8 45. d7 $1) 43. Nd5 Qa6
44. Bh8 Rg6 45. Nf6+ $1 Kxh8 46. Nxd7+ Kg8 47. Ne5 1-0